00314 a2200097 4500001001000000005001700010008004100027245006800068100002400136773005600160ART_6180520260410161802.0260409a 10aBlanqueo, tapón fiscal, consumido y otros aspectos. Ley 277431 aSchwartzman, Daniel0 tDoctrina tributariag- Nº 536 (nov. 2024)wREV4296